000 00467pab a2200169 454500
008 180718b2004 xxu||||| |||| 00| 0 eng d
100 _aHossain, Delwar
245 _aBangladesh: impact of globalisation and governance
260 _c2004
300 _ap.148-61.
362 _aOct-Dec
650 _aGlobalization - Bangladesh
650 _aPublic administration - Bangladesh
650 _aPublic administration
773 _aSouth Asian Journal
909 _a63453
999 _c63453
_d63453